000 nam a22 7a 4500
999 _c28758
_d28758
008 170317b xxu||||| |||| 00| 0 eng d
020 _a9780077231897
050 _aHB 172.5 .F73 2009
100 _aFrank, Robert H.
245 _aStudy Guide for use with:
_bPrinciples of Macroeconomics/
_cRobert H. Frank and Ben S. Bernanke
260 _aBoston:
_bMc Graw-Hill,
_c2009.
300 _avii,241p.:
_bill.;
_c28cm.
521 _aIncludes index.
700 _aBernanke, Ben S.
942 _2lcc
_cBOOKS
_hHB 172.5 .F73 2009
_01